| 000 | 01584nam a2200409 a 4500 | ||
|---|---|---|---|
| 001 | 1682748 | ||
| 003 | OSt | ||
| 005 | 20260108054039.0 | ||
| 008 | 980514s1997 ii b b 101 0 eng | ||
| 010 | _a 98903084 | ||
| 020 | _a8170226597 | ||
| 020 | _a9788170226598 | ||
| 025 | _aI-E-98-903084; 61-18 | ||
| 035 | _a1682748 | ||
| 040 |
_aDLC _cDLC |
||
| 042 | _alcode | ||
| 043 |
_aa-ii--- _ae-po--- |
||
| 082 | _a303.48 BOR | ||
| 245 | 0 | 0 |
_aGoa and Portugal : _btheir cultural links / _cedited by Charles J. Borges and Helmut Feldmann. |
| 260 |
_aNew Delhi : _bConcept Pub. Co., _c1997. |
||
| 300 |
_a319 p. : _bmaps ; _c23 cm. |
||
| 336 |
_atext _btxt _2rdacontent |
||
| 337 |
_aunmediated _bn _2rdamedia |
||
| 338 |
_avolume _bnc _2rdacarrier |
||
| 440 | 0 |
_aXCHR studies series ; _vno. 7 |
|
| 504 | _aIncludes bibliographical references (p. [304]-316) and index. | ||
| 520 | _aCollection of twenty-one papers presented at an international symposium on the theme "cultural relations between Portugal and Goa" at the University of Cologne, 29 May-2 June 1996; chiefly covers the 16th-18th centuries. | ||
| 650 | 0 |
_aPortuguese _zIndia _zGoa (State) _xHistory _xCongresses. |
|
| 651 | 0 |
_aGoa (India : State) _xRelations _zPortugal _xCongresses. |
|
| 651 | 0 |
_aPortugal _xRelations _zIndia _zGoa (State) _xCongresses. |
|
| 700 | 1 | _aBorges, Charles J. | |
| 700 | 1 | _aFeldmann, Helmut. | |
| 906 |
_a7 _bcbc _corigode _d3 _encip _f19 _gy-gencatlg |
||
| 942 |
_2ddc _cBK |
||
| 999 |
_c32362 _d32362 |
||